00310nam a2200121Ia 4500008004100000020001800041100002400059245002800083250001100111260002800122300001900150999001900169180205s9999 xx 000 0 und d a9780071263559 aHeneman, Herbert G. aStaffing organization / a6th ed aUSAbMc graw hillc2009 aiii, 751 pages c354896d354896